| 000 | 00714nam a22001577a 4500 | ||
|---|---|---|---|
| 003 | OSt | ||
| 005 | 20160324092910.0 | ||
| 008 | 160324b xxu||||| |||| 00| 0 eng d | ||
| 040 | _cRUA | ||
| 082 | _aAGR HEN 2012 B471 Or.1 | ||
| 100 |
_98175 _aHENG PHEARUN ; ហេង ភារុណ |
||
| 245 | _aThe quality evaluation of bok choy through packaging materials (kandal-siem reap) , ការវាយតម្លៃគុណភាពស្ពៃតឿតាមរយៈការប្រើប្រាស់បរិក្ខាវេចខ្ចប់ (ខេត្តកណ្ដាល សៀមរាប) | ||
| 260 |
_aPhnom Penh _bRUA _c2012 |
||
| 300 |
_axi ;38p. _bill. _c29cm. |
||
| 942 |
_2ddc _cAGR |
||
| 999 |
_c7786 _d7786 |
||